Morning light /

Bibliographic Details
Main Author: Harwood, Lee (Author)
Format: Book
Language:English
Published: London : Slow Dancer Press, 1998.
Series:Slow Dancer poetry.
Subjects:

MARC

Tag First Indicator Second Indicator Subfields
LEADER 00000cam a2200000 a 4500
001 in00004331421
005 20200902134234.0
008 980609s1998 enk 000 p eng
010 |a  98158253  
035 |a (OCoLC)ocm39118138 
040 |a DLC  |b eng  |c DLC  |d UKM  |d BTCTA  |d YDXCP  |d OCLCO  |d OCLCQ  |d TXA 
015 |a GB9835931  |2 bnb 
019 |a 1120928659 
020 |a 1871033411 
020 |a 9781871033410 
035 |a (OCoLC)39118138  |z (OCoLC)1120928659 
050 0 0 |a PR6058.A72  |b M67 1998 
082 0 0 |a 821/.914  |2 21 
049 |a TXAM 
100 1 |a Harwood, Lee,  |e author. 
245 1 0 |a Morning light /  |c Lee Harwood. 
264 1 |a London :  |b Slow Dancer Press,  |c 1998. 
300 |a 72 pages ;  |c 23 cm. 
336 |a text  |b txt  |2 rdacontent 
337 |a unmediated  |b n  |2 rdamedia 
338 |a volume  |b nc  |2 rdacarrier 
490 1 |a Slow Dancer poetry 
500 |a The Cushing Library/Women & Gender Studies copy was acquired as part of The Don Kelly Research Collection of Gay Literature and Culture.  |5 TXA 
655 7 |a Gay poetry.  |2 lcgft 
830 0 |a Slow Dancer poetry. 
994 |a C0  |b TXA 
948 |a cataloged  |b h  |c 2020/9/2  |d c  |e nbehmer  |f 1:42:15 pm 
999 f f |s bb6f4f10-54b3-37fd-a4e9-e5cca46fc019  |i fbceb080-609a-3e7e-bbfe-b4ee0f78afdf  |t 0 
952 f f |p noncirc  |a Texas A&M University  |b College Station  |c Cushing Memorial Library & Archives  |d Cushing: Women & Gender Studies (Does not check out)  |t 0  |e PR6058.A72 M67 1998  |h Library of Congress classification  |i unmediated -- volume 
998 f f |a PR6058.A72 M67 1998  |t 0  |l Cushing: Women & Gender Studies (Does not check out)